[Event "61st World Juniors 2024"]
[Site "Gandhinagar IND"]
[Date "2024.06.10"]
[Round "8.23"]
[White "Kanyamarala, Tarun"]
[Black "Sriansh Das"]
[Result "1-0"]
[WhiteTitle "IM"]
[WhiteElo "2333"]
[BlackElo "2016"]
[WhiteFideId "45004714"]
[BlackFideId "45030081"]
[EventDate "2024.06.02"]

1. d4 d5 2. Bf4 Nf6 3. e3 e6 4. Nf3 Bd6 5. Nbd2 O-O 6. Bd3 c5 7. c3 Qc7 8. Bxd6
Qxd6 9. Ne5 b6 10. Qe2 Bb7 11. Rd1 Nc6 12. f4 Ne7 13. O-O Ne8 14. g4 f6 15. Nef3
Nc7 16. a3 Rad8 17. Rf2 Nc6 18. Rdf1 a5 19. g5 f5 20. Rg2 c4 21. Bc2 g6 22. a4
Ba6 23. h4 Rf7 24. h5 Rg7 25. Rh2 Kf7 26. hxg6+ hxg6 27. Rh6 Rdg8 28. e4 dxe4
29. Bxe4 fxe4 30. Ne5+ Ke7 31. Nxe4 Nxd4 32. cxd4 Qxd4+ 33. Kh2 Bb7 34. Nf6 Rf8
35. Nxg6+ Rxg6 36. Rxg6 Rh8+ 37. Kg3 Kf7 38. Rd1 Qc5 39. Nd7 Qb4 40. Ne5+ Ke8
41. Qxc4 Qxc4 42. Nxc4 Bd5 43. Nxb6 Kf7 44. Rf6+ Ke7 45. Rh6 Rb8 46. Rh7+ Kd6
47. Nc4+ Kc6 48. Ne5+ 1-0

[Event "61st World Juniors 2024"]
[Site "Gandhinagar IND"]
[Date "2024.06.10"]
[Round "8.24"]
[White "Arul Prakash N"]
[Black "Ayush, Sharma"]
[Result "0-1"]
[BlackTitle "IM"]
[WhiteElo "1907"]
[BlackElo "2325"]
[WhiteFideId "45061114"]
[BlackFideId "45010943"]
[EventDate "2024.06.02"]

1. d4 Nf6 2. c4 e6 3. Nc3 Bb4 4. Bd2 b6 5. e3 Bb7 6. Nf3 O-O 7. Bd3 c5 8. a3
Bxc3 9. Bxc3 cxd4 10. exd4 d5 11. c5 bxc5 12. dxc5 Nbd7 13. b4 Re8 14. Ne5 Nxe5
15. Bxe5 Nd7 16. Bd6 Qg5 17. O-O d4 18. f3 Ne5 19. Bb5 Red8 20. Rf2 Qf6 21. f4
Ng6 22. Qd2 a6 23. Bd3 Nh4 24. Rd1 Bxg2 25. Qc2 Bf3 26. Bxh7+ Kh8 27. Be4 Bxd1
28. Qxd1 Kg8 29. Be5 Qh6 30. Bxa8 Rxa8 31. Qd3 Nf5 32. Qe4 Rd8 33. c6 Qg6+ 34.
Qg2 Qxg2+ 35. Rxg2 Rc8 36. Rd2 Rxc6 37. Bxd4 Rc1+ 38. Kg2 Nxd4 39. Rxd4 Rc2+ 40.
Kg1 Ra2 41. Rd8+ Kh7 42. Rd7 Kg6 43. f5+ exf5 44. Rd6+ f6 45. Rxa6 Kh5 46. b5
Kg4 47. Ra4+ Kf3 48. h3 Kg3 49. Kf1 f4 50. b6 Ra1+ 51. Ke2 f3+ 52. Kd2 f2 53. b7
Rd1+ 54. Ke3 Re1+ 55. Kd4 Re8 56. Ra8 f1=Q 57. Rxe8 Qf4+ 58. Kd3 Qd6+ 0-1

[Event "61st World Juniors 2024"]
[Site "Gandhinagar IND"]
[Date "2024.06.10"]
[Round "8.25"]
[White "Manish Anto, Cristiano F"]
[Black "Rohith S"]
[Result "1-0"]
[WhiteTitle "IM"]
[WhiteElo "2307"]
[BlackElo "1866"]
[WhiteFideId "25095927"]
[BlackFideId "45075360"]
[EventDate "2024.06.02"]

1. Nf3 Nf6 2. g3 g6 3. b3 Bg7 4. Bb2 O-O 5. Bg2 d6 6. d4 a5 7. a4 Nbd7 8. O-O c6
9. Nbd2 d5 10. Re1 Re8 11. c4 Nf8 12. h3 Ne4 13. Ne5 Nxd2 14. Qxd2 Bxe5 15. dxe5
dxc4 16. Qc3 cxb3 17. Qxb3 Be6 18. Qc3 Qc7 19. Rab1 Rab8 20. g4 Rec8 21. Rbc1
Qb6 22. Ba3 Qb3 23. Bxe7 Qxc3 24. Rxc3 b5 25. Bd6 b4 26. Rxc6 Rxc6 27. Bxc6 Rc8
28. Bb7 Rc2 29. Be4 Rc8 30. f4 Bd7 31. f5 b3 32. Rb1 Bxa4 33. Bd5 gxf5 34. gxf5
Bd7 35. e4 a4 36. Kf2 Rc2+ 37. Kf3 Rc3+ 38. Kf4 Ne6+ 39. Bxe6 fxe6 40. Rg1+ Kh8
41. Be7 h5 42. Bf6+ Kh7 43. Rg7+ Kh8 44. Rxd7+ Kg8 45. Rg7+ Kh8 46. Rg3+ Kh7 47.
Rxc3 b2 48. Rc8 exf5 49. exf5 b1=Q 50. Rh8# 1-0

[Event "61st World Juniors 2024"]
[Site "Gandhinagar IND"]
[Date "2024.06.10"]
[Round "8.26"]
[White "Dishank Sachin Bajaj"]
[Black "Lopez Rayo, Santiago"]
[Result "1/2-1/2"]
[BlackTitle "FM"]
[WhiteElo "1893"]
[BlackElo "2277"]
[WhiteFideId "25953036"]
[BlackFideId "4455665"]
[EventDate "2024.06.02"]

1. e4 c5 2. Nf3 d6 3. Bb5+ Nd7 4. c3 a6 5. Ba4 b5 6. Bc2 Bb7 7. O-O Ngf6 8. Re1
c4 9. b3 e6 10. bxc4 bxc4 11. Na3 Rc8 12. Rb1 Ba8 13. Qe2 Qc7 14. Rb4 d5 15.
exd5 Bxd5 16. Ra4 Nc5 17. Rxc4 Bxc4 18. Nxc4 Be7 19. Nce5 O-O 20. Ng5 h6 21.
Ngxf7 Rxf7 22. Nxf7 Kxf7 23. d4 Nb7 24. Qxe6+ Kf8 25. Bg6 Nd8 26. Qe2 Nf7 27.
Qe6 Nd8 28. Qe2 Nf7 29. Qe6 Nh8 30. Bd3 Re8 31. Qb3 Rb8 32. Qe6 Re8 33. Qb3 Rb8 1/2-1/2

[Event "61st World Juniors 2024"]
[Site "Gandhinagar IND"]
[Date "2024.06.10"]
[Round "8.27"]
[White "Adireddy, Arjun"]
[Black "Saryyev, Azym"]
[Result "0-1"]
[WhiteTitle "FM"]
[WhiteElo "2306"]
[BlackElo "1999"]
[WhiteFideId "25647709"]
[BlackFideId "14004801"]
[EventDate "2024.06.02"]

1. e4 e6 2. d4 d5 3. Nc3 Nf6 4. Bg5 Bb4 5. e5 h6 6. Bd2 Bxc3 7. bxc3 Ne4 8. Bc1
c5 9. Ne2 cxd4 10. cxd4 Qa5+ 11. c3 Bd7 12. Qb3 Bb5 13. Bb2 Nc6 14. f3 Bxe2 15.
Kxe2 Nxd4+ 16. Ke1 Nxb3 17. axb3 Qb6 18. fxe4 Qxb3 19. Rb1 Qc2 0-1

[Event "61st World Juniors 2024"]
[Site "Gandhinagar IND"]
[Date "2024.06.10"]
[Round "8.28"]
[White "Jain, Kushagra"]
[Black "Fecker, Noah"]
[Result "1/2-1/2"]
[BlackTitle "FM"]
[WhiteElo "1996"]
[BlackElo "2390"]
[WhiteFideId "66607663"]
[BlackFideId "1334263"]
[EventDate "2024.06.02"]

1. e4 c6 2. Nc3 d5 3. Nf3 Bg4 4. h3 Bxf3 5. Qxf3 Nf6 6. Be2 e6 7. O-O Be7 8. Rd1
d4 9. Nb1 h5 10. d3 c5 11. a4 Nc6 12. Na3 h4 13. Nc4 Nd7 14. Bf4 g5 15. Bh2 Nf8
16. a5 Ng6 17. Re1 Rc8 18. e5 O-O 19. Qg4 Nb4 20. Rac1 b5 21. axb6 axb6 22. Bf3 1/2-1/2

[Event "61st World Juniors 2024"]
[Site "Gandhinagar IND"]
[Date "2024.06.10"]
[Round "8.29"]
[White "Kuandykuly, Danis"]
[Black "Shahil, Dey"]
[Result "0-1"]
[BlackTitle "IM"]
[WhiteElo "1989"]
[BlackElo "2332"]
[WhiteFideId "13752260"]
[BlackFideId "35062352"]
[EventDate "2024.06.02"]

1. e4 e5 2. Nc3 Nc6 3. g3 Bc5 4. Bg2 h5 5. Nf3 Nf6 6. Nxe5 Nxe5 7. d4 Bb6 8.
dxe5 Ng4 9. O-O Nxe5 10. Nd5 d6 11. Nxb6 axb6 12. f4 Nc6 13. Be3 Be6 14. Bd4 f6
15. Bc3 Qd7 16. h4 O-O-O 17. Kh2 d5 18. Qe2 dxe4 19. Bxe4 Rhe8 20. Rfd1 Bd5 21.
Rxd5 Qxd5 22. Re1 Qc5 23. Qf3 f5 24. Bd3 Rxe1 25. Bxe1 g6 26. Qe2 Nd4 27. Qe3
Nxc2 28. Qe6+ Kb8 29. Bc3 Qf2+ 30. Kh3 Ne3 31. Be4 Qf1+ 32. Kh2 Ng4# 0-1

[Event "61st World Juniors 2024"]
[Site "Gandhinagar IND"]
[Date "2024.06.10"]
[Round "8.30"]
[White "Jai Sankar Subramanian"]
[Black "Harshad, S"]
[Result "0-1"]
[BlackTitle "FM"]
[WhiteElo "1986"]
[BlackElo "2272"]
[WhiteFideId "25931970"]
[BlackFideId "46616551"]
[EventDate "2024.06.02"]

1. e4 c5 2. Nf3 d6 3. d4 cxd4 4. Nxd4 Nf6 5. Nc3 Bd7 6. Be2 a6 7. Be3 Nc6 8. O-O
e5 9. Nb3 Be7 10. f3 O-O 11. Na4 Be6 12. Nb6 Rb8 13. c4 Nd7 14. Nd5 Bg5 15. Qd2
Bxe3+ 16. Qxe3 a5 17. Nc3 Nb6 18. Nd5 Na4 19. Rab1 b6 20. Nc3 Nxc3 21. Qxc3 a4
22. Nc1 Qc7 23. Bd3 Na5 24. b3 b5 25. bxa4 bxc4 26. Bc2 Rxb1 27. Bxb1 Nc6 28.
Ne2 Qa7+ 29. Kh1 Qxa4 30. Bc2 Qa7 31. f4 f6 32. f5 Bf7 33. Rd1 Rd8 34. h3 Qf2
35. Rd2 Qc5 36. Ba4 Ne7 37. Rb2 d5 38. exd5 Nxd5 39. Qf3 h6 40. Rb5 Qa7 41. Bc2
Qxa2 42. Be4 Qd2 43. Kh2 Nf4 44. Nxf4 exf4 45. Rb7 Qd4 46. Qxf4 Re8 47. Qc7 Qe5+
48. Qxe5 Rxe5 49. Bf3 Rc5 50. Rb8+ Kh7 51. Rb7 c3 52. Bd1 Bd5 53. Rb8 c2 54. Bh5
Bg8 55. Bg6+ Kh8 56. Bf7 c1=Q 57. Rxg8+ Kh7 58. Kg3 Rc3+ 59. Kh4 Qg5# 0-1

[Event "61st World Juniors 2024"]
[Site "Gandhinagar IND"]
[Date "2024.06.10"]
[Round "8.32"]
[White "Jihan Tejas Shah"]
[Black "Bizhigitov, Zhangir"]
[Result "1-0"]
[BlackTitle "FM"]
[WhiteElo "1956"]
[BlackElo "2212"]
[WhiteFideId "33370109"]
[BlackFideId "13725599"]
[EventDate "2024.06.02"]

1. d4 Nf6 2. c4 g6 3. g3 Bg7 4. Bg2 O-O 5. Nc3 d6 6. Nf3 Nc6 7. O-O a6 8. Bf4
Rb8 9. Rc1 Bd7 10. Qd2 b5 11. Nd5 Ne4 12. Qc2 f5 13. cxb5 Rxb5 14. Nc3 Nxc3 15.
Qxc3 Kh8 16. Qd2 Nb4 17. b3 Nd5 18. Bh6 c6 19. Bxg7+ Kxg7 20. Rc4 a5 21. Rfc1
Qe8 22. Qb2 Kg8 23. Ne1 Qf7 24. Nd3 Qf6 25. Qd2 Kg7 26. Nf4 e6 27. Bxd5 exd5 28.
Rxc6 Bxc6 29. Rxc6 Rf7 30. Qd3 Rfb7 31. Qf3 Kh6 32. e3 a4 33. bxa4 Rb1+ 34. Kg2
R7b2 35. Nxd5 Qg5 36. h4 Qg4 37. Qxg4 fxg4 38. Nf6 g5 39. Nxg4+ Kh5 40. Nf6+ Kg6
41. hxg5 Kxg5 42. Rxd6 Re1 43. Nxh7+ Kg4 44. Rd5 1-0

[Event "61st World Juniors 2024"]
[Site "Gandhinagar IND"]
[Date "2024.06.10"]
[Round "8.33"]
[White "Ang, Ern Jie Anderson"]
[Black "Gaikwad Manas"]
[Result "1-0"]
[WhiteTitle "CM"]
[WhiteElo "2198"]
[BlackElo "1957"]
[WhiteFideId "5736200"]
[BlackFideId "25912410"]
[EventDate "2024.06.02"]

1. d4 Nf6 2. c4 g6 3. g3 Bg7 4. Bg2 O-O 5. Nc3 d6 6. Nf3 Nc6 7. O-O e5 8. dxe5
dxe5 9. Bg5 h6 10. Qxd8 Rxd8 11. Bxf6 Bxf6 12. Nd5 Kg7 13. Nd2 e4 14. Nxf6 Rxd2
15. Ne8+ Kf8 16. Nxc7 Rb8 17. b3 Bf5 18. Nd5 b5 19. cxb5 Nd4 20. Rfd1 Nxe2+ 21.
Kf1 Rb2 22. Ke1 Be6 23. Bf1 Rd8 24. Bxe2 Rxd5 25. Rxd5 Bxd5 26. Rd1 Be6 27. Rd8+
Kg7 28. Ra8 Rxa2 29. b6 Bd5 30. Rxa7 Rb2 31. Ra5 Rb1+ 32. Kd2 Rb2+ 33. Ke1 Rb1+
34. Kd2 Rb2+ 35. Kc1 Rxe2 36. Rxd5 e3 37. fxe3 Rxe3 38. Rb5 Re8 39. b7 Rb8 40.
Kc2 Kf6 41. Kc3 Ke6 42. Kb4 f5 43. Ka5 g5 44. Ka6 f4 45. gxf4 gxf4 46. Ka7 f3
47. Ra5 f2 48. Ra1 Rf8 49. Rf1 Rf7 50. Ka8 Rxb7 51. Kxb7 Ke5 52. Rxf2 1-0

[Event "61st World Juniors 2024"]
[Site "Gandhinagar IND"]
[Date "2024.06.10"]
[Round "8.34"]
[White "Mrithyunjay Mahadevan"]
[Black "Bharadia Yash"]
[Result "1-0"]
[WhiteTitle "CM"]
[BlackTitle "CM"]
[WhiteElo "1867"]
[BlackElo "2100"]
[WhiteFideId "45003521"]
[BlackFideId "45087822"]
[EventDate "2024.06.02"]

1. e4 c5 2. Nf3 e6 3. g3 Nc6 4. Bg2 Nf6 5. Qe2 e5 6. O-O Be7 7. c3 O-O 8. Na3
Re8 9. d3 h6 10. Nc4 Bf8 11. Ne3 d6 12. Ne1 b5 13. N1c2 Bb7 14. Nf5 Kh7 15. g4
g6 16. Nxh6 Bxh6 17. g5 Nh5 18. gxh6 Qh4 19. Ne3 Ne7 20. Qg4 Qf6 21. Qf3 Qxf3
22. Bxf3 f5 23. a4 a6 24. Rd1 Nf4 25. Kf1 Rf8 26. h4 Ne6 27. Bg2 f4 28. Ng4 Nc6
29. f3 b4 30. Bd2 a5 31. Bh3 Ba6 32. Be1 Nc7 33. Bf2 Rab8 34. Kg1 bxc3 35. bxc3
Ne6 36. Nh2 Nc7 37. d4 exd4 38. cxd4 c4 39. d5 Ne5 40. Bd4 Nd3 41. Ng4 Bc8 42.
Bf1 Bxg4 43. fxg4 Kxh6 44. Bxd3 cxd3 45. Rac1 Rb7 46. Kf2 Na6 47. Rxd3 Re8 48.
Kf3 Rbe7 49. Rc4 Rxe4 50. Bg7+ Kxg7 51. Rxe4 Rxe4 52. Kxe4 Nc5+ 53. Kd4 g5 54.
Rh3 gxh4 55. Rxh4 Kg6 56. Rh5 Nxa4 57. Rf5 Nc5 58. Rxf4 a4 59. Rf8 Kg5 60. Rd8
Nb3+ 61. Kc3 Nc5 62. Kb4 Ne4 63. Ra8 Nc5 64. Kb5 Kxg4 65. Kc6 Kf5 66. Kxd6 Ne4+
67. Kc6 Ke5 68. Rxa4 Nd6 69. Rh4 1-0

[Event "61st World Juniors 2024"]
[Site "Gandhinagar IND"]
[Date "2024.06.10"]
[Round "8.35"]
[White "Halynyazov, Vepaly"]
[Black "Jyotshnav Talukdar"]
[Result "1-0"]
[WhiteElo "2058"]
[BlackElo "1898"]
[WhiteFideId "14004020"]
[BlackFideId "25924370"]
[EventDate "2024.06.02"]

1. d4 Nf6 2. c4 e6 3. Nf3 d5 4. g3 Bb4+ 5. Bd2 Be7 6. Bg2 O-O 7. O-O Nbd7 8. Nc3
b6 9. cxd5 exd5 10. Ne5 Bb7 11. Qa4 Nxe5 12. dxe5 Nd7 13. Nxd5 Nc5 14. Qg4 Kh8
15. Nxe7 Bxg2 16. Bg5 f6 17. exf6 gxf6 18. Bh6 Qxe7 19. Bxf8 Rxf8 20. Kxg2 a5
21. Rad1 Qe5 22. Qd4 Qe6 23. Qd5 Re8 24. e3 Qg4 25. Rd4 Qe2 26. Qf7 Rc8 27. Rh4
Qc2 28. Qxf6+ Kg8 29. Rg4+ Qg6 30. Rxg6+ hxg6 31. Qxg6+ Kf8 32. Qf5+ 1-0

[Event "61st World Juniors 2024"]
[Site "Gandhinagar IND"]
[Date "2024.06.10"]
[Round "8.36"]
[White "Singh, Siddharth"]
[Black "Guru Prakash"]
[Result "1/2-1/2"]
[WhiteElo "2050"]
[BlackElo "1817"]
[WhiteFideId "39907023"]
[BlackFideId "25138316"]
[EventDate "2024.06.02"]

1. e4 c5 2. Nf3 e6 3. d4 cxd4 4. Nxd4 a6 5. c4 Nf6 6. Nc3 Qc7 7. a3 b6 8. f4 Bb7
9. Bd3 d6 10. f5 Nc6 11. Be3 Nxd4 12. Bxd4 Be7 13. O-O O-O 14. Qf3 Nd7 15. fxe6
fxe6 16. Qg4 e5 17. Qe6+ Kh8 18. Qxe7 exd4 19. Nd5 Bxd5 20. exd5 Rac8 21. Qe4 g6
22. Qxd4+ Ne5 23. b3 Qc5 24. Qxc5 bxc5 25. Bc2 Kg7 26. h3 a5 27. Kh2 h5 28. Rae1
Kh6 29. Kg3 Rb8 30. a4 Kg7 31. Rf4 Rxf4 32. Kxf4 Rf8+ 33. Ke3 Kh6 34. Bd1 Kg5
35. g4 h4 36. Be2 Rf7 37. Rf1 Rxf1 38. Bxf1 Nd7 39. Bd3 Nb6 40. Bc2 Nd7 41. Bd3
Nb6 42. Bc2 Nd7 43. Bd3 1/2-1/2

[Event "61st World Juniors 2024"]
[Site "Gandhinagar IND"]
[Date "2024.06.10"]
[Round "8.37"]
[White "Koziorowicz, Michal"]
[Black "Yohan Yadav Tarala"]
[Result "1-0"]
[WhiteTitle "FM"]
[WhiteElo "2304"]
[BlackElo "1810"]
[WhiteFideId "21809194"]
[BlackFideId "33385300"]
[EventDate "2024.06.02"]

1. e4 c5 2. Nf3 e6 3. d4 cxd4 4. Nxd4 Nf6 5. Nc3 Nc6 6. a3 Be7 7. Be2 O-O 8. O-O
d5 9. exd5 Nxd5 10. Nxc6 bxc6 11. Na4 Qa5 12. c4 Nb6 13. Nxb6 Qxb6 14. b4 Rd8
15. Qb3 a5 16. Rb1 axb4 17. axb4 Rb8 18. Bf4 Rb7 19. Qg3 Bxb4 20. Be5 f5 21. Bf3
Rbd7 22. Rbd1 Qb7 23. Bxg7 Rxd1 24. Bf6+ Kf8 25. Bxd1 Rd2 26. Qg5 Qa7 27. Bh5
Ba6 28. Qh6+ Kg8 29. Bg5 Rd6 30. Bf4 Qg7 31. Qxg7+ Kxg7 32. Bxd6 Bxd6 33. Be2
Be5 34. Rb1 Bd4 35. Rb8 Kf6 36. Kf1 h6 37. h4 c5 38. h5 Kg5 39. Rg8+ Kh4 40. g3+ 1-0

[Event "61st World Juniors 2024"]
[Site "Gandhinagar IND"]
[Date "2024.06.10"]
[Round "8.38"]
[White "Pozzari, Simone"]
[Black "Kartik Kumar Singh"]
[Result "1/2-1/2"]
[WhiteTitle "FM"]
[WhiteElo "2276"]
[BlackElo "2042"]
[WhiteFideId "2831282"]
[BlackFideId "46676465"]
[EventDate "2024.06.02"]

1. Nf3 Nf6 2. c4 g6 3. Nc3 d5 4. cxd5 Nxd5 5. e4 Nxc3 6. dxc3 Qxd1+ 7. Kxd1 Bg7
8. Kc2 b6 9. Bf4 Bb7 10. Bd3 c5 11. Rae1 O-O 12. a4 Nc6 13. Bb5 Rfd8 14. Nd2 Ne5
15. f3 h6 16. Be2 g5 17. Bg3 h5 18. a5 h4 19. Bf2 f5 20. Be3 Bf6 21. Rd1 Kf7 22.
exf5 Bc8 23. Ne4 Bxf5 24. Kc1 g4 25. Rxd8 Rxd8 26. Rd1 Rxd1+ 27. Kxd1 h3 28.
Nxf6 exf6 29. fxg4 Nxg4 30. Bxg4 Bxg4+ 31. Ke1 hxg2 32. Kf2 c4 33. axb6 axb6 34.
Bxb6 Kg6 35. Kxg2 Kh5 36. Kf2 Bd1 37. Ke3 Kg4 38. Bc7 1/2-1/2

[Event "61st World Juniors 2024"]
[Site "Gandhinagar IND"]
[Date "2024.06.10"]
[Round "8.39"]
[White "Bhoir Paras Dilip"]
[Black "Mukund Hemant Agarwal"]
[Result "1-0"]
[WhiteElo "2016"]
[BlackElo "2196"]
[WhiteFideId "25763695"]
[BlackFideId "25679791"]
[EventDate "2024.06.02"]

1. e4 c5 2. Nf3 d6 3. d4 cxd4 4. Nxd4 Nf6 5. Nc3 Nc6 6. Bg5 e6 7. Qd2 a6 8.
O-O-O Bd7 9. Kb1 Nxd4 10. Qxd4 Be7 11. f3 Qc7 12. g4 b5 13. Be3 O-O 14. g5 Nh5
15. Ne2 Rfc8 16. Qd2 g6 17. Bh3 Bc6 18. Bg4 Ng7 19. h4 d5 20. e5 Nf5 21. Bxf5
exf5 22. Bf4 Bf8 23. Nd4 Bg7 24. Qh2 Re8 25. h5 Qd7 26. hxg6 hxg6 27. Qh7+ Kf8
28. Rde1 Rac8 29. Bd2 Qe7 30. a3 Bd7 31. Bb4 Rc5 32. Nb3 Rec8 33. Qh2 a5 34.
Bxc5 Rxc5 35. Nxc5 Qxc5 36. Qd2 b4 37. axb4 axb4 38. Rh4 b3 39. cxb3 f4 40. Rxf4
Bf5+ 41. Rxf5 gxf5 42. f4 Qb5 43. Rd1 Kg8 44. Qxd5 Qb4 45. g6 1-0

[Event "61st World Juniors 2024"]
[Site "Gandhinagar IND"]
[Date "2024.06.10"]
[Round "8.40"]
[White "Sureka Akshat"]
[Black "Kalyani Sirin"]
[Result "1/2-1/2"]
[BlackTitle "WFM"]
[WhiteElo "1972"]
[BlackElo "2163"]
[WhiteFideId "25774492"]
[BlackFideId "33323500"]
[EventDate "2024.06.02"]

1. c4 Nf6 2. Nc3 g6 3. g3 Bg7 4. Bg2 c5 5. Nf3 O-O 6. O-O d5 7. cxd5 Nxd5 8.
Nxd5 Qxd5 9. d3 Nc6 10. Be3 Qd6 11. Rc1 Nd4 12. Bxd4 cxd4 13. Nd2 f5 14. Nc4 Qe6
15. Qb3 Rb8 16. Qa3 a6 17. Qb4 b6 18. Na5 Bd7 19. Nc6 Bxc6 20. Rxc6 Qe5 21. Qc4+
Kh8 22. Re6 Rfc8 23. Rxe5 Rxc4 24. Rxe7 Rc2 25. Rb1 Bh6 26. Bd5 Rd8 27. Bb3 Rc1+
28. Rxc1 Bxc1 29. Re6 Rb8 30. Bc4 a5 31. b3 b5 32. Bd5 a4 33. bxa4 bxa4 34. Ra6
a3 35. Bb3 Re8 36. Kf1 Re7 37. h4 Kg7 38. Ke1 Kh6 39. Kd1 1/2-1/2

[Event "61st World Juniors 2024"]
[Site "Gandhinagar IND"]
[Date "2024.06.10"]
[Round "8.41"]
[White "Alekhya, Mukhopadhyay"]
[Black "Vengatesh, Krishnan C"]
[Result "1/2-1/2"]
[WhiteElo "2130"]
[BlackElo "1790"]
[WhiteFideId "25600826"]
[BlackFideId "45050457"]
[EventDate "2024.06.02"]

1. e4 c5 2. Nf3 d6 3. d4 cxd4 4. Nxd4 Nf6 5. Nc3 a6 6. Bg5 e6 7. f4 Nbd7 8. Qf3
Be7 9. O-O-O Qc7 10. Bd3 h6 11. Bh4 g5 12. fxg5 Ne5 13. Qe2 Nfg4 14. Nf3 Nxf3
15. gxf3 hxg5 16. Bg3 Ne5 17. f4 gxf4 18. Bxf4 Bd7 19. Rdf1 Rh7 20. h4 O-O-O 21.
h5 Qc5 22. Kb1 Bc6 23. Rh3 Rdh8 24. Be3 Qa5 25. Bd2 Qd8 26. a4 Bg5 27. Be1 f6
28. b4 Qb6 29. b5 axb5 30. Nxb5 Kd7 31. Bb4 Ra8 32. a5 Rxa5 33. Bxa5 Qxa5 34.
Nd4 Rh8 35. Nb3 Qa3 36. Rg1 Bh6 37. Rhg3 Ke7 38. Rg8 Rxg8 39. Rxg8 Ba4 40. Rb8
Qb4 41. Qd1 Bxb3 42. cxb3 Nxd3 43. Qxd3 Qe1+ 44. Ka2 Qf2+ 45. Kb1 Qe1+ 1/2-1/2

[Event "61st World Juniors 2024"]
[Site "Gandhinagar IND"]
[Date "2024.06.10"]
[Round "8.42"]
[White "Talgatov, Nazar"]
[Black "Swarna Nihal"]
[Result "1-0"]
[WhiteElo "2108"]
[BlackElo "1949"]
[WhiteFideId "13743694"]
[BlackFideId "25683640"]
[EventDate "2024.06.02"]

1. e4 c5 2. Nf3 d6 3. Bb5+ Bd7 4. Bxd7+ Qxd7 5. c4 Nc6 6. d4 cxd4 7. Nxd4 Nf6 8.
Nc3 g6 9. f3 Nxd4 10. Qxd4 Bg7 11. Be3 O-O 12. Qd3 Rfc8 13. O-O Qe6 14. b3 Nd7
15. Rac1 Nc5 16. Qe2 h5 17. Rfd1 Kh7 18. Nd5 Bh6 19. a4 Bxe3+ 20. Qxe3 b6 21.
Rc2 Rab8 22. Re2 Rb7 23. f4 Rg8 24. Rde1 Nd7 25. Qd4 f6 26. Re3 Qf7 27. Rf1 Qe6
28. Qd1 Qf7 29. e5 dxe5 30. fxe5 Qg7 31. e6 Nc5 32. b4 Na6 33. Qd3 Kh8 34. c5
Nb8 35. cxb6 axb6 36. b5 Qh6 37. Qe4 Rd8 38. Rh3 Ra7 39. Nf4 Rg8 40. Rg3 f5 1-0

[Event "61st World Juniors 2024"]
[Site "Gandhinagar IND"]
[Date "2024.06.10"]
[Round "8.43"]
[White "Shah, Jeet"]
[Black "Safarov, Deniel"]
[Result "1-0"]
[WhiteElo "1946"]
[BlackElo "2059"]
[WhiteFideId "45012954"]
[BlackFideId "13619802"]
[EventDate "2024.06.02"]

1. e4 c6 2. d4 d5 3. f3 Qb6 4. Nc3 dxe4 5. Nxe4 Bf5 6. c3 Nd7 7. Bd3 Bg6 8. Ne2
e5 9. O-O exd4 10. Nxd4 O-O-O 11. a4 a6 12. a5 Qc7 13. Qe2 Ngf6 14. g3 Nxe4 15.
Bxe4 Bd6 16. Nf5 Rhe8 17. Qg2 Nf6 18. Be3 Nd5 19. Bxd5 Bxf5 20. Be4 Qd7 21. Bb6
Bh3 22. Qc2 f5 23. Bd3 Bxf1 24. Bxf5 Bh3 25. Bxd7+ Rxd7 26. Qxh7 Be6 27. Re1
Rde7 28. Qd3 Rd7 29. Qe3 Rde7 30. Qd3 Rd7 31. Qg6 Rde7 32. Rd1 Be5 33. Bc5 Rf7
34. f4 Bf6 35. Re1 Bd7 36. Qxf7 Rxe1+ 37. Kf2 Re8 38. Bd4 1-0

[Event "61st World Juniors 2024"]
[Site "Gandhinagar IND"]
[Date "2024.06.10"]
[Round "8.44"]
[White "Arshpreet Singh"]
[Black "Gubatayev, Ahmet"]
[Result "1/2-1/2"]
[WhiteElo "1932"]
[BlackElo "2055"]
[WhiteFideId "25902113"]
[BlackFideId "14004526"]
[EventDate "2024.06.02"]

1. e4 c5 2. c3 d5 3. exd5 Qxd5 4. Nf3 Nf6 5. Na3 Nc6 6. d4 Bg4 7. Be2 e6 8. h3
Bh5 9. Nb5 Qd8 10. dxc5 Bxc5 11. Bf4 Nd5 12. Bg3 O-O 13. O-O a6 14. Nbd4 Bxd4
15. Nxd4 Bxe2 16. Nxc6 Bxd1 17. Nxd8 Be2 18. Rfe1 Rfxd8 19. Rxe2 Ne7 20. Bh4 Kf8
21. Kf1 Rd5 22. Bxe7+ Kxe7 23. Rc1 g5 24. c4 Rd7 25. b4 Rad8 26. Ke1 f6 27. a4
Rd3 28. b5 Ra3 29. bxa6 bxa6 30. c5 Rxa4 31. Rb2 Re4+ 32. Kf1 Red4 33. Ra2 Rd1+
34. Rxd1 Rxd1+ 35. Ke2 Rc1 36. Rxa6 Rxc5 37. Ra7+ Kd6 38. Rxh7 Ke5 39. Ra7 Rc2+
40. Ke3 Kf5 41. Ra5+ e5 42. g4+ Kg6 43. Kf3 Rc3+ 44. Kg2 Rc6 45. Ra7 Re6 46. Rb7
e4 47. Kg3 1/2-1/2

[Event "61st World Juniors 2024"]
[Site "Gandhinagar IND"]
[Date "2024.06.10"]
[Round "8.45"]
[White "Mizzi, Jack"]
[Black "Sri Charan Sandipagu"]
[Result "1/2-1/2"]
[WhiteTitle "CM"]
[WhiteElo "2051"]
[BlackElo "1924"]
[WhiteFideId "5602521"]
[BlackFideId "25174657"]
[EventDate "2024.06.02"]

1. d4 d5 2. Nf3 Nf6 3. g3 e6 4. Bg2 c5 5. c4 dxc4 6. O-O Nc6 7. dxc5 Qxd1 8.
Rxd1 Bxc5 9. Nbd2 O-O 10. Nxc4 Ng4 11. e3 Rb8 12. Bd2 b5 13. Na5 Nxa5 14. Bxa5
Bb7 15. b4 Be7 16. Rd7 Bxf3 17. Rxe7 Bxg2 18. Kxg2 Rfc8 19. h3 Ne5 20. Rxa7 Nc6
21. Ra6 Ra8 22. Rxa8 Rxa8 23. a4 bxa4 24. Rxa4 h6 25. Kf1 Nxb4 26. Rxb4 Rxa5 27.
Kg2 g5 28. Rb7 Kg7 29. Rc7 Kg6 30. Rb7 h5 31. Rb8 1/2-1/2